000 00520nam a2200193 a 4500
005 20220520110104.0
008 031007s1966 mx r 000 0 spa d
035 _aUPN01000129715
049 _aCG
050 4 _aTK7871.4
_bK5.48
100 1 _aKlein, Arthur
245 1 0 _aMasers y lasers /
_cArthur Klein ; tr. R. Llull Sala.
260 _aBarcelona, Esp. :
_bLabor,
_c1966.
300 _a147 p. :
_bil.
440 0 _aNueva colección Labor ;
_v8
650 4 _aMASERS
650 2 _aLáseres
_918176
905 _aLibro
999 _c101878
_d101878